000 01352cam a22002294a 4500
005 20250605164032.0
008 250528s ||||||||||||||||||||||||d
035 _a16669
020 _a787964263
040 _aGR-AtMCL
_bgre
_dGR-AtMCL
_eAACR2
245 1 _aReframing Organizations / Artistry, Choice, and Leadership
250 _a3rd
260 _bJossey-Bass Publishers,
_c2003
300 _a484
505 0 _aMaking Sense of Organizations, The Structural Frame, Structures and Restructuring, The Human Resource Frame, Interpersonal and Group Dynamics, The Political Frame, The Manager as Politician, The Symbolic Frame, Organization as Theatre, Improving Leadership Practice, Reframing Leadership, Refraiming Ethics and Spirit, The Best Organizational Studies: Scholars' Hits and Popular Best Sellers.
520 _aMaking Sense of Organizations, The Structural Frame, Structures and Restructuring, The Human Resource Frame, Interpersonal and Group Dynamics, The Political Frame, The Manager as Politician, The Symbolic Frame, Organization as Theatre, Improving Leadership Practice, Reframing Leadership, Refraiming Ethics and Spirit, The Best Organizational Studies: Scholars' Hits and Popular Best Sellers.
700 1 _aBolman Lee G.
_92758
700 1 _aDeal Terrence E
_92759
942 _cBK
999 _c2144
_d2144